Normal view MARC view
  • Filosofía

Entry TÉRMINO TEMÁTICO

Number of records used in: 1

001 - NUMERO DE CONTROL DEL REGISTRO

  • campo de control: 429567

003 - IDENTIFICADOR DEL NUMERO DE CONTROL

  • campo de control: ES-SlBCS

005 - FECHA Y HORA DE LA ULTIMA TRANSACCION

  • campo de control: 20260506075618.0

008 - ELEMENTOS DE LONGITUD FIJA

  • campo de control de longitud fija: 260506|| aca||aabn | a|a d

040 ## - FUENTE DE LA CATALOGACION

  • Agencia que crea de manera original el registro: ES-SlBCS
  • Agencia que realiza la transcripción: ES-SlBCS

150 ## - ENCABEZAMIENTO - TEMÁTICO

  • Encabezamiento temático: Filosofía
  • Subdivisión de forma: Antropología
  • Subdivisión general: colapso epistémico
  • Subdivisión cronológica: Siglo XXI
  • Subdivisión geográfica: España

670 ## - FUENTE EN LA QUE SE LOCALIZARON DATOS

  • Cita de la fuente: Work cat.: (ES-SlBCS): Susaeta Montoya, Fernando 39859, ¿Hacia dónde va el pensamiento español del siglo XXI?, 2026

Bibliotecas Dominicos Provincia Hispania, 2016

Con tecnología Koha